Statistieken voor Landen met een letter - P

Klik hier om de quiz te nemen!

Algemene statistieken

  • Deze quiz is 56 keer genomen
  • De gemiddelde score is 15 van 22

Antwoordstatistieken

CategorieLand% Correct
1 x PPortugal
100%
1 x PPakistan
94%
1 x PParaguay
94%
1 x PPolen
94%
1 x PPanama
88%
2 x PPapoea-Nieuw-Guinea
82%
1 x PSpanje
76%
1 x PPalau
71%
1 x PPeru
71%
1 x PDemocratische Republiek Congo
65%
1 x PCentraal-Afrikaanse Republiek
59%
1 x PDominicaanse Republiek
59%
1 x PEthiopië
59%
1 x PFilipijnen
59%
1 x PJapan
59%
1 x PNepal
59%
1 x PRepubliek Congo
59%
1 x PKaapverdië
53%
1 x PEgypte
41%
2 x PSao Tomé en Principe
41%
1 x PCyprus
35%
1 x PSingapore
35%

Scoreverdeling

Percentiel versus Aantal Correcte Antwoorden

Procent van Mensen met Elke Score

Uw Scoregeschiedenis

U heeft deze quiz nog niet genomen